| 000 | 005140000a22001930004500 | ||
|---|---|---|---|
| 001 | 000968 | ||
| 003 | MACL | ||
| 005 | 20150707152129.0 | ||
| 008 | 150707b xxu||||| |||| 00| 0 eng d | ||
| 040 |
_aMACL _cMACL |
||
| 041 | _aEnglish | ||
| 082 | _a307.76/KUN | ||
| 100 |
_aKundu, Amitabh _91221 |
||
| 245 |
_aInequality Mobility and Urbanization _cAmitabh Kundu |
||
| 260 |
_aNew Delhi _c2000 _bIndian Council of Social Science Research, |
||
| 350 | _a600 | ||
| 650 |
_aSocial Science _91222 |
||
| 942 |
_k308 _cBK _2ddc |
||
| 999 |
_c966 _d966 |
||